000
00280 a2200121 4500
020
_a
9695190006
090
_c
5684
_d
5684
100
_a
Seyyed Jossein Nasr
245
_a
Living Sufism
260
_a
Lahore
_b
Suhail Academy
_c
2005
300
_a
185p.
942
_a
NBS
_c
BK
_k
297.4 NAS
999
_c
348086
_d
348086